Normal view MARC view
  • YADAV , Dr. RAJENDRA KUMAR AND SINGH , D.R

Entry Personal Name

Number of records used in: 1

001 - CONTROL NUMBER

  • control field: 7391

003 - CONTROL NUMBER IDENTIFIER

  • control field: OSt

005 - DATE AND TIME OF LATEST TRANSACTION

  • control field: 20221219142658.0

008 - FIXED-LENGTH DATA ELEMENTS

  • fixed length control field: 221219|| aca||aabn | a|a d

040 ## - CATALOGING SOURCE

  • Original cataloging agency: OSt
  • Transcribing agency: OSt

100 ## - HEADING--PERSONAL NAME

  • Personal name: YADAV , Dr. RAJENDRA KUMAR AND SINGH , D.R

670 ## - SOURCE DATA FOUND

  • Source citation: Work cat.: (OSt)8112: YADAV , Dr. RAJENDRA KUMAR AND SINGH , D.R , HAND BOOK OF PLANT BIOTECHNOLOGY , 2022